Odgadnij piosenkę Zeamsone po wersach #3 - Statystyki

Ogólne statystyki
  • Ten quiz został rozwiązany 5 razy
  • Średni wynik to 12 z 30
Statystyki odpowiedzi
Wersy Piosenka % Poprawnych
Ona chce malować obrazy, nie na mnie obrazić się Poślę ją na wybiegi 'lenciagi, też żadne zakazy, by jarać te gramy 5 INFLUENCEREK
100%
Połowa mojej kariery to jebany freestyle Monotematyczność premii nie zabiera w liczbach Dystans
100%
Nie udaję tapety Windows, mordo, give me that dope, ye Grabieże, kradzieże, przestępczy świat czarnych Najek Poszło
100%
Bagatelizuję rzeczywistość, czuję się z tym ekstra Bagatelizuję rzeczywistość i nie mogę przestać Balaclava
50%
Pierwszy numer na freestylu, zanim nawijało paru "Drunk Tesla", weź przestań, jeszcze nie znałem tych stanów Dubai
50%
Chcemy tu do nieba bilet, Tobie już chyba nie trzeba obniżek, ej Nie trzeba obniżek, wiesz, te słowa ostre jak sztylet, wiesz High life 2
50%
Stoi mój czarny Range Rover, nie mogę prowadzić go bo jestem w transie Impreza pożarła mi ostatnie styki, jutro trzeba dzielić się hajsem Impreza Dekady
50%
Nie rozumiesz mnie, to możesz szybko to wyłączyć Nie rozumiesz bólu, który przeszywa mnie od kończyn Jebać Grę
50%
Jedynie szmaty zrobią z bani bajzel Z nimi lepiej, niby bez nich łatwiej Luksusowe Relacje
50%
Lubisz wygodę i porządek, mieć na bani swej A nie kłócić się o byle gówno nie jestem romantyczny
50%
Nie wchodź mi w drogę jak jadę nocą Jest Ranger Raptor wiec wszędzie łatwo uciekać przed Betą nisko Perfidia
50%
Znamy się nawet jak jest źle Znamy się nawet jak są łzy Sweet Dreams
50%
Wszystkie setki przejebane na dragi i drogie bluzy Wszystkie samotne chwile, akurat tych było najwięcej Trauma
50%
Trudno było opamiętać się, odkąd codziennie mam święta i pracę na pełnej Jeden z drugim coś wydaje, lecz tylko wydaje się im, że to banger UNIWERSUM
50%
What the fuck? What the fuck? (yeah, yeah) WHAT A TIME TO BE ALIVE
50%
Mogę przebierać w DM-ach jak stylista Długa lista, nie chcę dziś utonąć w moich potrzeb morzu Więzień Wizerunku
50%
Kurwy mówią że trudne życie, poświęcę dla rapu się jak umrę na klipie Szóstkę wypłacę skurwielom na loterii w końcu będą mieli na Ralpha i t-shirt Wstyd
50%
Kiedyś miałem hiperstrach przed nią, dzisiaj idę tam Nie wiem, ile to kosztować będzie, kiedy przyjdę sam Wysokie Modelki
50%
Chcieli skakać jak Lil Uzi, lecz mogą tylko w ognisko Chciały nosić moje bluzy, ja chciałem je nagie i blisko XD
50%
Rozregulowałem system, daj mi karę za nagrodę Może kiedyś jeszcze przyjdę tam, poczuję się jak dziecko Zabawki
50%
Wolę rozpocząć karierę, cieszyć się tym, co na około dzieje się Niż tylko siedzieć, by siedzieć albo by skakać jak małpy na drzewie Zmęczony Imprezą
50%
Dobra noc, dobry sen, substancje psychoaktywne Jestem z nią, cały dzień i dbam o moją misję 0CUL4R
0%
Ja na swoim miejscu wchodzę na show nie wchodzę na facebook Nie wchodzę na facebook, dzisiaj nie robię tych błędów ortograficznych Królowe
0%
Wypiłem wino znów i nie mam już poczucia winy I nie będą lubić nas na bloku za to, co robimy Manekiny
0%
Biegam za sosem, jak w dwa tysiące i osiem Wylewamy to na drodze jak moet Moet
0%
Fake friends still callin on my iPhone Ride around the city with some bitches and my eyes closed Stany (Remix)
0%
Ja nie kminie ludzi dramat Ja nie widze dumy bo nie widze powodu do niej i wiesz że Stay Fly
0%
Co to za noc, bez żadnych zdjęć? Co to za jebany gość? Nie wie co jest pięć Tryb Komfort
0%
Lecę na przyszłość, dawaj może jutro Dzisiaj na czysto, dawaj może łóżko VLONE
0%
Pomimo tego że robię, te rapy Oni wygenerowani mieli pięści ze stali Zeamstypie
0%
Nie znaleziono quizów pasujących do podanych kryteriów
Rozkład punktacji
Procent ludzi z każdym wynikiem
Percentyl według liczby udzielonych odpowiedzi
Twoja historia wyników
Nie rozwiązałeś tego quizu